| 000 | 00000nam 2200000zi 4500 |
| 001 | 9.945366 |
| 003 | CaOODSP |
| 005 | 20250127085006 |
| 006 | m o d f |
| 007 | cr cn||||||||| |
| 008 | 241120e20250127oncd ob f000 0 eng d |
| 020 | |a9780660745862 |
| 040 | |aCaOODSP|beng|erda|cCaOODSP |
| 043 | |an-cn--- |
| 086 | 1 |aCS172-00001/2025-1E-PDF |
| 100 | 1 |aMorency, Jean-Dominique, |eauthor. |
| 245 | 14|aThe demosim microsimulation model at Statistics Canada : |ba tool for policy planning and evaluation / |cby Jean-Dominique Morency, Samuel Vézina and Patrice Dion. |
| 264 | 1|a[Ottawa] : |bStatistics Canada = Statistique Canada, |cJanuary 27, 2025. |
| 264 | 4|c©2025 |
| 300 | |a1 online resource (19 pages) : |bcolour graphs |
| 336 | |atext|btxt|2rdacontent |
| 337 | |acomputer|bc|2rdamedia |
| 338 | |aonline resource|bcr|2rdacarrier |
| 500 | |aIssued also in French under title: Le modèle de microsimulation demosim à Statistique Canada : un outil de planification et d'évaluation de politiques. |
| 504 | |aIncludes bibliographical references (pages 17-19). |
| 520 | |a"This article aims to provide users of population projections with an overview of Demosim, a microsimulation population projection model maintained at Statistics Canada. Through concrete examples, we demonstrate in which contexts Demosim can be useful to answer various research questions and to support public policy planning and evaluation. The advantages, complexities, and disadvantages of using such a model are also discussed"--Provided by publisher. |
| 650 | 0|aPopulation forecasting|zCanada|xStatistical methods. |
| 710 | 2 |aStatistics Canada, |eissuing body. |
| 775 | 08|tLe modèle de microsimulation demosim à Statistique Canada : |w(CaOODSP)9.945373 |
| 856 | 40|qPDF|s386 KB|uhttps://publications.gc.ca/collections/collection_2025/statcan/172000012025001-eng.pdf |
| 856 | 4 |qHTML|sN/A|uhttps://www150.statcan.gc.ca/n1/pub/17-20-0001/172000012025001-eng.htm |